000 00469nam a2200181Ia 4500
003 GCL
008 140319s9999 xx 000 0 ara d
040 _aGCL /
_cGCL
082 0 4 _a810.93
_bم خ
100 1 _aمصطفى ناصف
245 1 0 _aخصام مع النقاد /
_cمصطفى ناصف
260 _a[S.N] :
_bدار البلاد ،
_c1991
300 _a508
490 _a
650 0 4 _aالادب العربى
650 0 4 _aتاريخ
942 _2ddc
_cBK
999 _c53022
_d53022